000
00266nam a2200109Ia 4500
008
230907s9999||||xx |||||||||||||| ||und||
082
_a
658.83
_b
BEN
245
0
_a
Marketing research :
260
_a
SAGE Publishing,
_b
London :
_c
2018
300
_a
410 p.
942
_c
BK
999
_c
599973
_d
599973